MARC

LEADER 00000nam0a2200000 4500
001 140835
005 20231031142208.0
010 |a 9780521770699 
035 |a (RuTPU)RU\TPU\book\152597 
090 |a 140835 
100 |a 20080710d2007 k y0engy50 ba 
101 0 |a eng 
102 |a US 
105 |a a z 001zy 
200 1 |a Reservoir Geomechanics  |f M. D. Zoback 
210 |a New York  |c Cambridge University Press  |d 2007 
215 |a 449 с.  |c il. 
320 |a References: p. 423-443. 
320 |a Index: p. 445-449. 
610 1 |a горное дело 
610 1 |a горные породы 
610 1 |a физические свойства 
610 1 |a механика 
610 1 |a геомеханика 
610 1 |a английский язык 
675 |a 622.02:539.2/.8  |v 3 
700 1 |a Zoback  |b M. D.  |g Mark D. 
801 1 |a RU  |b 63413507  |c 20080710  |g PSBO 
801 2 |a RU  |b 63413507  |c 20080722  |g PSBO 
942 |c BK